000
00248nam a22000977a 4500
082
_a
297.1226
_b
SUB
100
_a
Subhi Sabih.
_9
50748
245
_a
علوم القرآن
_c
Subhi Sabih.
526
_a
0
_b
0
_c
0
_d
297_122600000000000_SUB
942
_2
ddc
_c
BK
999
_c
553504
_d
553504